000
00285 a2200109 4500
001
ART_46465
005
20260410162041.0
008
260409a
245
1
0
_a
Secreto fiscal
100
1
_a
Spisso, Rodolfo Roque
773
0
_t
Impuestos
_g
- N°29 (jun. 2018)
_w
REV45175
999
_c
34857
_d
34857